American Languages - Statistics

General Stats
  • This quiz has been taken 25 times
    21 since last reset
  • The average score is 10 of 26
Answer Stats
Letter Language Family Where is it From? Language % Correct
Q Quechuan Argentina, Bolivia, Colombia, Ecuador, Peru, Chile Quechua
90%
A Aymaran Bolivia, Chile, Peru, Argentina Aymara
85%
D Siouan United States, Canada Dakota
75%
G Tupian Paraguay, Bolivia, Argentina, Brazil Guarani
75%
C Iroquoian United States Cherokee
70%
L Siouan United States, Canada Lakota
70%
N Dené–Yeniseian United States Navajo
65%
K Mayan Guatemala Kaqchikel/K'iche'
60%
O Algic United States, Canada Ojibwe
60%
Y Eskimo-Aleut United States Yup'ik
60%
M Iroquoian United States, Canada Mohawk
50%
Z Oto-Manguean Mexico Zapotec
50%
U Uto-Aztecan United States Ute
40%
T Tacanan Bolivia Tacana
30%
H Yuman-Cochimi United States Havasupai
20%
W Siouan United States Winnebago
20%
P Mura Brazil Pirahã
15%
R Arawakan Peru Resigaro
5%
S Uto-Aztecan United States Shoshoni
5%
V Chumashan United States Ventureño
5%
B Arawakan Venezuela, Brazil Baré
0%
E Arawakan Brazil Enawené-Nawé
0%
F Macro-Jê Brazil Fulniô
0%
I Oto-Manguean Mexico Ixcatec
0%
J Cahuapanan Peru Jebero
0%
X Macro-Jê Brazil Xakriabá
0%
No matching quizzes found
Score Distribution
Percent of People with Each Score
Percentile by Number Answered
Your Score History
You have not taken this quiz since the last reset